| 000 | 004420000a22001690004500 | ||
|---|---|---|---|
| 003 | MACL | ||
| 005 | 20151229132729.0 | ||
| 008 | 151229b xxu||||| |||| 00| 0 eng d | ||
| 040 |
_aMACL _cMACL |
||
| 041 | _aEnglish | ||
| 082 | _a294/BHA | ||
| 100 |
_aBhaktavatsalam, N _923861 |
||
| 245 |
_aDasakumaracarita _bChapters 1 & 2 |
||
| 260 |
_bV Ramaswamy Sastrulu & Sons _c1952 _aMadras |
||
| 650 |
_aReligion _923863 |
||
| 942 |
_cBK _k294/BHA _2ddc |
||
| 999 |
_c38683 _d38683 |
||